Projekt NIDO 2

Gespeichert in:
Bibliographische Detailangaben
1. Verfasser: Miklošiová, Barbora (Verfasst von)
Weitere Verfasser: Funtík, Tomáš (Betreuung Doktorarbeit)
Format: Manuskript Buch
Sprache:Slowakisch
Veröffentlicht: 2019
Schlagworte:
Online-Zugang:http://is.stuba.sk/zp/portal_zp.pl?podrobnosti=145221
https://opac.crzp.sk/?fn=detailBiblioForm&sid=3BEC39B52C756B70CD0310A5CC71
Tags: Tag hinzufügen
Keine Tags, Fügen Sie das erste Tag hinzu!

MARC

LEADER 00000ntm a22000003a 4500
001 stuzp75278
003 SK-STU
005 20230607113546.1
007 ta
008 150427s2015----xo-----f-mn---000-0-slo-d
040 |a STU  |b slo 
041 0 |a slo 
100 1 |a Miklošiová, Barbora  |u 010270  |k Z4  |4 aut  |U SvF Stavebná fakulta  |T SvF Katedra technológie stavieb  |X 63492  |U V270  |Y 28  |7 63492 
242 0 1 |a Project NIDO 2  |y eng 
245 1 0 |a Projekt NIDO 2 
260 |c 2019 
650 4 |a BIM  |2 slo 
650 4 |a zariadenie staveniska  |2 slo 
650 4 |a AllPlan  |2 slo 
650 4 |a BIM  |2 eng 
650 4 |a Construction Site Facility  |2 eng 
650 4 |a AllPlan  |2 eng 
700 1 |a Funtík, Tomáš  |u 010270  |k Z1  |4 ths  |U SvF Stavebná fakulta  |T SvF Katedra technológie stavieb  |X 22617  |U V270  |Y 28  |7 A000022617 
856 4 |u http://is.stuba.sk/zp/portal_zp.pl?podrobnosti=145221 
856 4 |u https://opac.crzp.sk/?fn=detailBiblioForm&sid=3BEC39B52C756B70CD0310A5CC71